000
00273nam a2200109 4500
008
160624b xxu||||| |||| 00| 0 eng d
100
_9
939
_a
Cosby, C.N
245
_a
Wayside Reveries
260
_a
Texas
_b
C.N.Cosby Pub.
_c
1974
300
_a
Wayside Reveries
942
_2
ddc
_c
BK
999
_c
745
_d
745